[Event "Trichy Pro Chess op 1st"]
[Site "Trichy"]
[Date "2017.11.16"]
[Round "1"]
[White "Kannan, T."]
[Black "Saravana, Krishnan P"]
[Result "0-1"]
[WhiteElo "1226"]
[BlackElo "2366"]
[PlyCount "40"]
[EventDate "2017.11.16"]
[EventType "swiss"]
[EventRounds "8"]
[EventCountry "IND"]
[SourceTitle "EXT 2019"]
[Source "ChessBase"]
[SourceDate "2018.10.10"]
[SourceVersion "1"]
[SourceVersionDate "2018.10.10"]
[SourceQuality "1"]

1. d4 Nf6 2. Nf3 b6 3. e3 Bb7 4. Bd3 e6 5. b3 Be7 6. Nbd2 c5 7. Bb2 0-0 8. c4 Nc6 9. Rc1 cxd4 10. exd4 d5 11. 0-0 Rc8 12. Bb1 Re8 13. Re1 Bf8 14. Ba1 Ba3 15. Rc3 Bb4 16. Rce3 Na5 17. Qc2 g6 18. Ne5 dxc4 19. bxc4 Bd5 20. Qa4 Bxd2 0-1